|
|
|
|
| LEADER |
01318nam a2200313 a 4500 |
| 001 |
194085 |
| 003 |
BD-DhAAL |
| 008 |
091206r19981973ii a b 001 0 eng d |
| 010 |
|
|
|a \\\98907628
|
| 020 |
|
|
|a 0195647343
|
| 040 |
|
|
|a DLC
|c DLC
|d DLC
|d BD-DhAAL
|
| 082 |
0 |
0 |
|a 330.1556
|2 21
|
| 100 |
1 |
|
|a Sen, Amartya,
|d 1933-
|
| 245 |
1 |
0 |
|a On economic inequality /
|c Amartya Sen.
|
| 250 |
|
|
|a Enl. ed. / James E. Foster and Amartya Sen.
|
| 260 |
|
|
|a Delhi ;
|a New York :
|b Oxford University Press,
|c 1973 [reprinted1998].
|
| 300 |
|
|
|a xii, 260 pages :
|b illustrations ;
|c 22 cm.
|
| 490 |
0 |
|
|a Oxford India paperbacks
|
| 500 |
|
|
|a Originally published: 1973.
|
| 504 |
|
|
|a Includes bibliographical references (p. [221]-251) and indexes.
|
| 541 |
1 |
|
|e 00006987
|
| 650 |
|
0 |
|a Welfare economics.
|
| 650 |
|
0 |
|a Equality.
|
| 700 |
1 |
|
|a Foster, James E.
|q (James Eric),
|d 1955-
|9 33526
|
| 852 |
4 |
|
|a Ayesha Abed Library
|j General shelf
|
| 942 |
|
|
|2 ddc
|c BK
|
| 999 |
|
|
|c 6002
|d 6002
|
| 952 |
|
|
|0 0
|1 0
|2 ddc
|4 0
|6 330_155600000000000_SEN_1998
|7 0
|9 5988
|a BRACUL
|b BRACUL
|c GEN
|d 2009-12-07
|g 360.00
|l 1
|o 330.1556 SEN
|p 3010006987
|r 2025-10-07
|s 2025-09-23
|t 1
|v 720.00
|w 2009-12-07
|y BK
|
| 952 |
|
|
|0 0
|1 0
|2 ddc
|4 0
|6 330_155600000000000_SEN
|7 1
|9 72838
|a BRACUL
|b BRACUL
|c AAKC
|d 2023-01-09
|g 1526.77
|l 0
|o 330.1556 SEN
|p 3010040370
|r 2023-01-09
|t 2
|v 1526.77
|w 0000-00-00
|y BK
|